| Tag |
First Indicator |
Second Indicator |
Subfields |
| LEADER |
00000cam a2200000 4500 |
| 001 |
in00000053861 |
| 005 |
20151008050906.0 |
| 008 |
740820s1959 dcu 00000 eng u |
| 010 |
|
|
|a 59013659
|
| 035 |
|
|
|a (OCoLC)00982888
|
| 035 |
|
|
|9 AAG4099AM
|
| 040 |
|
|
|c ITD
|d TXA
|d UtOrBLW
|
| 049 |
|
|
|a TXAM
|c [329560]
|
| 050 |
0 |
0 |
|a JF51
|b B73
|
| 092 |
|
|
|a 342
|b B877g
|
| 100 |
1 |
|
|a Brown, Delbert Franklin,
|d 1911-
|
| 245 |
1 |
4 |
|a The growth of democratic government.
|
| 264 |
|
1 |
|a Washington :
|b Public Affairs Press,
|c [1959]
|
| 300 |
|
|
|a 117 pages ;
|c 24 cm.
|
| 336 |
|
|
|a text
|b txt
|2 rdacontent
|
| 337 |
|
|
|a unmediated
|b n
|2 rdamedia
|
| 338 |
|
|
|a volume
|b nc
|2 rdacarrier
|
| 650 |
|
0 |
|a Comparative government.
|
| 650 |
|
0 |
|a Legislative bodies.
|
| 999 |
|
|
|a MARS
|
| 999 |
f |
f |
|s ec8ec8a8-03cc-3bed-b302-5941321c609b
|i 0e2821eb-c3a4-3b55-8942-09d5484f8b66
|t 0
|
| 952 |
f |
f |
|p ric
|a Texas A&M University
|b Rellis Campus
|c Joint Library Facility
|d Remote Storage
|t 0
|e JF51 B73
|h Library of Congress classification
|i unmediated -- volume
|m A14800785869
|
| 998 |
f |
f |
|a JF51 B73
|t 0
|l Remote Storage
|